Eastern Utah Libraries Catalog: Duchesne, Heber, Roosevelt, & Vernal

Second act : (Record no. 389718)

MARC details
000 -LEADER
fixed length control field 02742aam a2200421 i 4500
001 - CONTROL NUMBER
control field on1380386229
003 - CONTROL NUMBER IDENTIFIER
control field OCoLC
005 - DATE AND TIME OF LATEST TRANSACTION
control field 20231107170716.0
008 - FIXED-LENGTH DATA ELEMENTS--GENERAL INFORMATION
fixed length control field 230406s2023 nyu d 000 1 eng d
020 ## - INTERNATIONAL STANDARD BOOK NUMBER
International Standard Book Number 9780593587881
Qualifying information (paperback ;
-- large print)
020 ## - INTERNATIONAL STANDARD BOOK NUMBER
International Standard Book Number 059358788X
Qualifying information (paperback ;
-- large print)
035 ## - SYSTEM CONTROL NUMBER
System control number (OCoLC)1380386229
Canceled/invalid control number (OCoLC)1378170725
037 ## - SOURCE OF ACQUISITION
Source of stock number/acquisition Random House Inc, Attn Order Entry 400 Hahn rd, Westminster, MD, USA, 21157
Note SAN 201-3975
040 ## - CATALOGING SOURCE
Original cataloging agency ETC
Language of cataloging eng
Description conventions rda
Transcribing agency ETC
Modifying agency AU@
-- BDX
-- OCLCF
-- TnLvILS
092 ## - LOCALLY ASSIGNED DEWEY CALL NUMBER (OCLC)
Classification number Large Print Fiction
Item number F Steel
100 1# - MAIN ENTRY--PERSONAL NAME
Personal name Steel, Danielle,
Relator term author.
245 10 - TITLE STATEMENT
Title Second act :
Remainder of title a novel /
Statement of responsibility, etc Danielle Steel.
246 3# - VARYING FORM OF TITLE
Title proper/short title 2nd act.
250 ## - EDITION STATEMENT
Edition statement Large print edition.
264 #1 - Production, Publication, Distribution, Manufacture, and Copyright Notice.
Place of production, publication, distribution, manufacture New York, NY :
Name of producer, publisher, distributor, manufacturer Random House Large Print,
Date of production, publication, distribution, manufacture, or copyr [2023]
300 ## - PHYSICAL DESCRIPTION
Extent 320 pages (large print) ;
Dimensions 24 cm.
338 ## - Carrier type
Carrier type term volume
520 ## - SUMMARY, ETC.
Summary, etc As the head of a prestigious movie studio for nearly two decades, Andy Westfield has had every conceivable professional luxury: a stunning office on the forty-fourth floor, a loyal assistant who can all but read his mind, access to a private jet and company cars. The son of Hollywood royalty, Andy always put his career before his marriage, and now, besides his daughter and young grandchildren, it's the only thing he truly loves. But then Andy's world is upended. The studio is sold, and the buyer's son demands the top seat. Out of a job and humiliated, Andy spirals. When his head clears, he decides to get as far away from Los Angeles as possible until the dust settles and he can find a new way forward. Andy signs a six-month rental agreement for a luxurious home in a tiny, forgotten coastal town two hours from London. When he arrives, he hires a local woman to help get his affairs in order. A former journalist, Violet Smith is at a crossroads as well, and this temporary job is exactly what she needs to tide her over. But when Violet leaves the manuscript of her unfinished novel behind after work one day, Andy lets his curiosity get the best of him and is captivated by a story that begs to be adapted for the big screen. Could this be the miracle they've both been looking for?
650 #0 - SUBJECT ADDED ENTRY--TOPICAL TERM
Topical term or geographic name as entry element Large type books.
650 #0 - SUBJECT ADDED ENTRY--TOPICAL TERM
Topical term or geographic name as entry element Motion picture studios
Form subdivision Fiction.
9 (RLIN) 5754781
650 #0 - SUBJECT ADDED ENTRY--TOPICAL TERM
Topical term or geographic name as entry element Man-woman relationships
Form subdivision Fiction.
9 (RLIN) 5674079
651 #0 - SUBJECT ADDED ENTRY--GEOGRAPHIC NAME
Geographic name London (England)
Form subdivision Fiction.
9 (RLIN) 5673622
651 #0 - SUBJECT ADDED ENTRY--GEOGRAPHIC NAME
Geographic name England
Form subdivision Fiction.
9 (RLIN) 5673623
655 #7 - INDEX TERM--GENRE/FORM
Genre/form data or focus term Domestic fiction.
Source of term fast
655 #7 - INDEX TERM--GENRE/FORM
Genre/form data or focus term Fiction.
Source of term fast
9 (RLIN) 5673940
655 #7 - INDEX TERM--GENRE/FORM
Genre/form data or focus term Romance fiction.
Source of term fast
655 #7 - INDEX TERM--GENRE/FORM
Genre/form data or focus term Romance fiction.
Source of term lcgft.
655 #7 - INDEX TERM--GENRE/FORM
Genre/form data or focus term Domestic fiction.
Source of term lcgft.
907 ## - LOCAL DATA ELEMENT G, LDG (RLIN)
a .b475833673
942 ## - ADDED ENTRY ELEMENTS (KOHA)
Source of classification or shelving scheme Dewey Decimal Classification
Koha item type BOOK
Holdings
Withdrawn status Lost status Source of classification or shelving scheme Damaged status Not for loan Collection code Home library Current library Shelving location Date acquired Source of acquisition Total Checkouts Total Renewals Full call number Barcode Date last seen Date checked out Cost, replacement price Price effective from Koha item type
    Dewey Decimal Classification     Large Print Wasatch County Library Wasatch County Library First Floor 11/07/2023 Micromarketing 6 3 F Steel 34301002049320 06/27/2025 06/14/2025 31.00 11/07/2023 BOOK
This project was made possible through a grant from the Institute of Museum and Library Service administered by the Utah State Library Division.

Wasatch County Library

  • 465 East 1200 South, Heber City, Utah 84032
  • Phone 435-654-1511 | Fax 435-654-6456

Hours

  • Monday - Friday 9:30 AM - 8:00 PM
  • Saturday 9:30 AM - 1:30 PM
  • Closed Sundays and Holidays